Estadísticas para Candidatos Presidenciales-Chile 2021

Haz click aquí para intentar la prueba.

Estadísticas generales

  • Esta prueba ha sido intentada 44 veces
  • La puntuación promedio es 6 de 7

Estadísticas de respuestas

Coalición/PactoPartidoCandidato% Correcto
Apruebo DignidadCSGabriel Boric
100%
-PLRJosé Antonio Kast
100%
-UPAEduardo Artés
82%
-PDGFranco Parisi
82%
Nuevo Pacto SocialPDCYasna Provoste
82%
Chile Podemos Más-Sebastián Sichel
74%
-PROMarco Enríquez-Ominami
69%

Distribución de puntuación

Porcentaje por número respondido

Porcentaje de gente con cada puntuación

Historial de tus puntuaciones

No has intentado esta prueba.